000 00569nam a22002297a 4500
003 UA-OsUOA
001 48338
007 ta
008 20070904b un ||||| |||| 00| 0 ukr d
100 _aКалугин В.
090 _a821.161.1
_bК17
942 _cBK
040 _aUA-OsUOA
_brus
_cUA-OsUOA
_dUA-OsUOA
245 _aСтруны рокотаху...
300 _a614 с.
955 _a2
041 _arus
080 _a821.161.1
260 _aМ.
_c1989
650 7 _a82 Література. Літературознавство
_2UDC
999 _c334441
_d334441